Ochrana vkladov

Hlavné ciele poistenia vkladov. Stanovenie výšky poistených vkladov vo vybraných krajinách EÚ a USA. Znenie zákona č. ll8/1996 NR SR z 20. marca 1996 o Ochrane vkladov a o zmene a doplnení niektorých zákonov.

Guardado en:
Detalles Bibliográficos
Autor principal: Šaradínová, Martina
Otros Autores: Paulovič, Miroslav
Formato: Capítulo de libro
Lenguaje:eslovaco
Materias:
Etiquetas: Agregar Etiqueta
Sin Etiquetas, Sea el primero en etiquetar este registro!

MARC

LEADER 00000naa a2200000 4500
001 r033013
005 20230911132017.7
041 0 |a slo 
044 |a SK 
245 1 0 |a Ochrana vkladov  |c Martina Šaradínová, Miroslav Paulovič 
520 |a Hlavné ciele poistenia vkladov. Stanovenie výšky poistených vkladov vo vybraných krajinách EÚ a USA. Znenie zákona č. ll8/1996 NR SR z 20. marca 1996 o Ochrane vkladov a o zmene a doplnení niektorých zákonov. 
610 2 0 |a ochrana vkladov 
610 2 0 |a banky 
610 2 0 |a poistenie 
610 2 0 |a osoby fyzické 
610 2 0 |a Slovensko 
610 2 0 |a zákony 
610 2 0 |a 1996 
100 1 |a Šaradínová, Martina 
700 1 |a Paulovič, Miroslav